Botanical histochemistry: principles and practice. (Record no. 17086)
[ view plain ]
| 000 -LEADER | |
|---|---|
| fixed length control field | 00407cam a22001451 4500 |
| 040 ## - CATALOGING SOURCE | |
| Transcribing agency | DLC |
| 082 00 - DEWEY DECIMAL CLASSIFICATION NUMBER | |
| Classification number | 581 FRE 1962 A008 Or. |
| 100 1# - MAIN ENTRY--AUTHOR NAME | |
| Personal name | Jensen, William A. |
| 245 10 - TITLE STATEMENT | |
| Title | Botanical histochemistry: principles and practice. |
| 260 ## - PUBLICATION, DISTRIBUTION, ETC. (IMPRINT) | |
| Place of publication | San Francisco, |
| Name of publisher | W. H. Freeman |
| Year of publication | [1962] |
| 300 ## - PHYSICAL DESCRIPTION | |
| Number of Pages | 408 p. |
| Other physical details | illus. |
| Dimensions | 25 cm. |
| 490 0# - SERIES STATEMENT | |
| Series statement | A Series of biology books |
| 650 #0 - SUBJECT ADDED ENTRY--TOPICAL TERM | |
| Topical Term | Plant histochemistry. |
| 942 ## - ADDED ENTRY ELEMENTS (KOHA) | |
| Koha item type | សៀវភៅភាសាអង់គ្លេស |
| 952 ## - LOCATION AND ITEM INFORMATION (KOHA) | |
| Withdrawn status [LOCAL, KOHA] | 0 |
| Permanent Location | Date acquired | Koha item type | Lost status | Shelving location | Barcode | Current Location | Full call number |
|---|---|---|---|---|---|---|---|
| Library Block A | 2018-08-01 | សៀវភៅភាសាអង់គ្លេស | A008 | A35029 | Library Block A | 581 FRE 1962 A008 Or. |